[Event "Superettan(Rockaden,Umea-Vaxjo)"]
[Site "?"]
[Date "2015.03.20"]
[Round "7"]
[White "Lindgren, Fredrik"]
[Black "Lindahl, Emil"]
[Result "1-0"]
[WhiteElo "2239"]
[BlackElo "2151"]
[PlyCount "83"]

1. d4 Nf6 2. Nf3 e6 3. g3 b5 4. Bg2 Bb7 5. O-O c5 6. a4 b4 7. c4 Na6 8. Nbd2
Be7 9. Nb3 O-O 10. a5 Rc8 11. dxc5 Nxc5 12. Be3 Qc7 13. Bf4 d6 14. Nxc5 Qxc5
15. b3 a6 16. Be3 Qh5 17. h3 Ne4 18. Qe1 Nc5 19. Qxb4 Bxf3 20. Bxf3 Qxh3 21.
Qa3 f5 22. b4 Ne4 23. Qd3 Nf6 24. Bg5 e5 25. Bg2 Qh5 26. Bxf6 Rxf6 27. Bd5+ Kh8
28. Qf3 Qg5 29. Kg2 e4 30. Qe3 Qg4 31. Rh1 Rcf8 32. Rh4 Qg6 33. Rah1 h6 34. Qf4
Qh7 35. Rh5 Rb8 36. b5 axb5 37. a6 bxc4 38. a7 Rc8 39. a8=Q Rxa8 40. Bxa8 Re6
41. Bd5 Rf6 42. Qe3 1-0

[Event "Superettan(Rockaden,Umea-Vaxjo)"]
[Site "?"]
[Date "2015.03.20"]
[Round "7"]
[White "Moren, Bjorn"]
[Black "Mardell, Jimmy"]
[Result "1-0"]
[WhiteElo "2086"]
[BlackElo "2131"]
[PlyCount "95"]

1. e4 c5 2. Nc3 Nc6 3. g3 g6 4. Bg2 Bg7 5. d3 d6 6. f4 e6 7. Nf3 Nge7 8. O-O
Nd4 9. Be3 Nec6 10. a4 Nxf3+ 11. Qxf3 Nd4 12. Qf2 O-O 13. Nd1 Nc6 14. e5 Qd7
15. exd6 b6 16. a5 Rb8 17. Nc3 Nxa5 18. Ne4 Nc6 19. c3 Bb7 20. Rfe1 f5 21. Nxc5
bxc5 22. Bxc5 a6 23. d4 Rfe8 24. b4 Nd8 25. Bxb7 Qxb7 26. Qa2 Ra8 27. Qc4 Qd7
28. Rxa6 Rxa6 29. Qxa6 Nb7 30. Qb6 Nxc5 31. bxc5 g5 32. Ra1 gxf4 33. Ra7 Qd8
34. Qxd8 Rxd8 35. c6 Rxd6 36. c7 Rc6 37. Ra8+ Kf7 38. c8=Q Rxc8 39. Rxc8 fxg3
40. hxg3 e5 41. Rc7+ Kg6 42. d5 e4 43. Rc6+ Kf7 44. c4 Be5 45. Kg2 Bd4 46. Rc7+
Kg6 47. d6 Be5 48. c5 1-0

[Event "Superettan(Rockaden,Umea-Vaxjo)"]
[Site "?"]
[Date "2015.03.20"]
[Round "7"]
[White "Nygren, David"]
[Black "Sevastianov, Andrii"]
[Result "1/2-1/2"]
[WhiteElo "2194"]
[BlackElo "2125"]
[PlyCount "146"]

1. e4 e5 2. Nf3 Nc6 3. Bb5 Nf6 4. d3 Bc5 5. O-O d6 6. c3 O-O 7. Qe2 h6 8. Rd1
Re8 9. Be3 Bxe3 10. Qxe3 Bd7 11. Nbd2 Ne7 12. Bxd7 Qxd7 13. Nf1 Ng6 14. Ng3 Qc6
15. h3 Kh7 16. Nf5 Nf4 17. Re1 g6 18. Ng3 Qb6 19. d4 Rad8 20. a4 Qa6 21. Red1
Rd7 22. dxe5 dxe5 23. Rxd7 Nxd7 24. Nxe5 Nxh3+ 25. gxh3 Nxe5 26. Kg2 Rd8 27.
Qc5 Qf6 28. Qe3 Rd3 29. Qe2 Qd6 30. Nf1 Qd7 31. Ne3 Rd2 32. Qb5 Qd3 33. Qxd3
Nxd3 34. Nc4 Rxf2+ 35. Kg3 Rc2 36. Rd1 Nxb2 37. Nxb2 Rxb2 38. Rd7 Kg7 39. e5
Kf8 40. Rxc7 a6 41. Kf4 b5 42. axb5 axb5 43. e6 g5+ 44. Kg4 fxe6 45. Kh5 b4 46.
cxb4 Rxb4 47. Kxh6 g4 48. hxg4 Rxg4 49. Kh5 Rg1 50. Kh4 Ke8 51. Kh3 Kd8 52. Ra7
Rg6 53. Kh4 Ke8 54. Kh5 Rg1 55. Kh4 Kf8 56. Kh5 Rg3 57. Kh4 Rg2 58. Kh5 Rg1 59.
Kh4 Ke8 60. Kh5 Rd1 61. Kg5 Rd7 62. Rxd7 Kxd7 63. Kf4 Kd6 64. Ke4 e5 65. Ke3
Kd5 66. Kd3 e4+ 67. Ke3 Ke5 68. Ke2 Kf4 69. Kf2 e3+ 70. Ke2 Ke4 71. Ke1 Kd3 72.
Kd1 e2+ 73. Ke1 Ke3 1/2-1/2

[Event "Superettan(Vaxjo-Schack 08)"]
[Site "?"]
[Date "2015.03.21"]
[Round "8"]
[White "Laveryd, Peter"]
[Black "Carstensen, Jacob"]
[Result "0-1"]
[WhiteElo "2395"]
[BlackElo "2370"]
[PlyCount "74"]

1. e4 c5 2. Nf3 d6 3. Bb5+ Nd7 4. d4 cxd4 5. Qxd4 a6 6. Bxd7+ Bxd7 7. Bg5 Rc8
8. Nc3 h6 9. Bh4 e5 10. Qd3 g5 11. Bg3 Nf6 12. h4 g4 13. Nd2 Be6 14. h5 Qb6 15.
O-O-O Qc6 16. f4 gxf3 17. gxf3 Nd7 18. Kb1 Nc5 19. Qe3 Na4 20. Nxa4 Qxc2+ 21.
Ka1 Qxa4 22. a3 Rg8 23. Bh4 Qc2 24. Rhg1 Rxg1 25. Rxg1 Qc5 26. Qe1 d5 27. f4
exf4 28. Bf2 d4 29. Qd1 Qc2 30. Bxd4 Qxd1+ 31. Rxd1 Rd8 32. Bc3 Rd3 33. Rf1
Bxa3 34. Rxf4 Be7 35. Rf1 b5 36. Nf3 Bh3 37. Rf2 Bc5 0-1

[Event "Superettan(Vaxjo-Schack 08)"]
[Site "?"]
[Date "2015.03.21"]
[Round "8"]
[White "Aabling-Thomsen, Jakob"]
[Black "Renman, Nils-Gustaf"]
[Result "1-0"]
[WhiteElo "2329"]
[BlackElo "2330"]
[PlyCount "69"]

1. e4 e6 2. Qe2 c5 3. Nf3 Nc6 4. g3 Nge7 5. Bg2 d5 6. e5 Nf5 7. c3 h5 8. h4 Be7
9. d3 Bd7 10. Na3 Qb6 11. Ng5 Nxe5 12. Qxe5 f6 13. Qe2 fxg5 14. Bxg5 Bxg5 15.
hxg5 O-O-O 16. O-O-O g6 17. Nc2 Qd6 18. d4 h4 19. dxc5 Qxc5 20. g4 Ne7 21. Nb4
Nc6 22. Nd3 Qc4 23. Kb1 e5 24. f3 e4 25. fxe4 Rde8 26. b3 Qxc3 27. Rc1 Qd4 28.
Nc5 Qb4 29. Qd1 Rh7 30. exd5 Bxg4 31. Bh3 Bxh3 32. Rxh3 Re5 33. Rhc3 Rc7 34.
dxc6 Rxc6 35. Qd2 1-0

[Event "Superettan(Vaxjo-Schack 08)"]
[Site "?"]
[Date "2015.03.21"]
[Round "8"]
[White "Schutz, Ingemar"]
[Black "Rydstrom, Tom"]
[Result "1-0"]
[WhiteElo "2191"]
[BlackElo "2292"]
[PlyCount "47"]

1. e4 e5 2. f4 exf4 3. Nc3 Nc6 4. Nf3 g5 5. Bc4 g4 6. O-O gxf3 7. Qxf3 Bh6 8.
d4 Qh4 9. g3 Qh3 10. Bxf4 Nxd4 11. Bxf7+ Kxf7 12. Qf2 Kg6 13. Qxd4 Bg7 14. Be5
Qh6 15. Qf2 Nf6 16. Bxf6 d6 17. Nd5 Bh3 18. Bxg7 Qxg7 19. Nf4+ Kh6 20. Nxh3
Rhf8 21. Qe3+ Kh5 22. Rxf8 Rxf8 23. Rf1 Rxf1+ 24. Kxf1 1-0

[Event "Superettan(Vaxjo-Schack 08)"]
[Site "?"]
[Date "2015.03.21"]
[Round "8"]
[White "Olofsson-Dolk, Mattis"]
[Black "Ingbrant, Johan"]
[Result "0-1"]
[WhiteElo "2239"]
[BlackElo "2353"]
[PlyCount "68"]

1. e4 e5 2. Nf3 Nc6 3. Bb5 Nf6 4. O-O Bc5 5. c3 O-O 6. d4 Bb6 7. Bg5 h6 8. Bh4
d6 9. Qd3 exd4 10. cxd4 g5 11. Bxc6 bxc6 12. Bg3 Nh5 13. Nc3 f5 14. exf5 Bd7
15. d5 Bxf5 16. Qc4 c5 17. Nd1 Qf6 18. Ne3 Rae8 19. Nxf5 Qxf5 20. Rae1 Rxe1 21.
Nxe1 Nf6 22. Nc2 Qxd5 23. Qe2 c4 24. Na3 Re8 25. Qxc4 Qxc4 26. Nxc4 Re2 27. a4
Bd4 28. b3 Ne4 29. Na5 Rb2 30. Nc6 Bc5 31. b4 Bxb4 32. Nxa7 Bc5 33. Nc6 h5 34.
Re1 h4 0-1

[Event "Superettan(Vaxjo-Schack 08)"]
[Site "?"]
[Date "2015.03.21"]
[Round "8"]
[White "Ottenklev, Niclas"]
[Black "Lindahl, Emil"]
[Result "1-0"]
[WhiteElo "2186"]
[BlackElo "2151"]
[PlyCount "77"]

1. e4 c5 2. Nc3 e6 3. f4 a6 4. a4 b6 5. Nf3 Bb7 6. d3 Nc6 7. g3 d5 8. Bg2 Nf6
9. O-O Be7 10. e5 Nd7 11. Qe2 Nd4 12. Qf2 Nxf3+ 13. Bxf3 O-O 14. Nd1 Qc7 15.
Qg2 b5 16. c4 Rfd8 17. axb5 axb5 18. Rxa8 Bxa8 19. cxd5 Bxd5 20. Bxd5 exd5 21.
Qxd5 Nb6 22. Qf3 Qd7 23. Nf2 Nd5 24. f5 Bf8 25. Re1 Nb4 26. e6 Qe7 27. Re4 Nc2
28. Qh5 Rd4 29. Bg5 f6 30. Bf4 Rd5 31. Qh3 Qa7 32. g4 c4 33. d4 Nxd4 34. Qe3
Be7 35. Kg2 Qc5 36. Qh3 Qc6 37. Kf1 Nb3 38. Qh5 g6 39. Qh3 1-0

[Event "Superettan(Vaxjo-Schack 08)"]
[Site "?"]
[Date "2015.03.21"]
[Round "8"]
[White "Sevastianov, Andrii"]
[Black "Faldt, Magnus"]
[Result "0-1"]
[WhiteElo "2125"]
[BlackElo "2192"]
[PlyCount "76"]

1. c4 c6 2. g3 d5 3. Bg2 Nf6 4. Nf3 Bf5 5. cxd5 cxd5 6. Qb3 Qb6 7. Qxb6 axb6 8.
Nc3 Nc6 9. Nb5 Rc8 10. d3 e5 11. O-O Be7 12. Bd2 O-O 13. Rac1 h6 14. a3 Rfd8
15. Nc3 Be6 16. e4 d4 17. Na4 Nd7 18. b4 Bb3 19. Nb2 b5 20. Bh3 Ra8 21. Ra1 Nb6
22. Bc1 Bxb4 23. Bxh6 Bc3 24. Bc1 b4 25. Nd2 bxa3 26. Nxb3 axb2 27. Bxb2 Bxb2
28. Rab1 Na4 29. f4 Ba3 30. Nd2 Nb2 31. fxe5 Nxe5 32. Rf5 Nbxd3 33. Rxb7 Rab8
34. Rc7 Bd6 35. Ra7 Ra8 36. Rb7 Rdb8 37. Nc4 Ra1+ 38. Kg2 Rxb7 0-1

[Event "Superettan(Vaxjo-Schack 08)"]
[Site "?"]
[Date "2015.03.21"]
[Round "8"]
[White "Arvidsson, Tomas"]
[Black "Gutzmann, Tobias"]
[Result "0-1"]
[WhiteElo "1979"]
[BlackElo "2080"]
[PlyCount "138"]
[EventDate "2015.??.??"]

1. e4 e6 2. d4 d5 3. e5 c5 4. c3 Nc6 5. Nf3 Bd7 6. Be2 Nge7 7. a3 Ng6 8. b4
cxd4 9. cxd4 Be7 10. g3 O-O 11. h4 f6 12. h5 Nh8 13. Bf4 Nf7 14. Qd3 Qb6 15.
Nc3 Nxd4 16. Nxd4 fxe5 17. Be3 exd4 18. Bxd4 Qd8 19. f4 Bf6 20. Bc5 Re8 21. g4
Rc8 22. Rc1 b6 23. Bf2 Nd6 24. g5 Rxc3 25. Rxc3 Bb5 26. Qc2 Bxc3+ 27. Qxc3 Qc8
28. Qe5 Qc1+ 29. Bd1 Ne4 30. Qd4 Qxf4 31. h6 Qxf2+ 32. Qxf2 Nxf2 33. Kxf2 gxh6
34. Rxh6 Bd3 35. Bh5 Rf8+ 36. Ke3 Bf5 37. Kd4 Kg7 38. Ke5 Bg6 39. Kxe6 Rf5 40.
Bxg6 hxg6 41. Rh3 Rxg5 42. Rf3 Kh6 43. Rf7 a5 44. Rb7 Rg3 45. Kxd5 Rxa3 46.
Rxb6 axb4 47. Rxb4 Re3 48. Rb1 g5 49. Rh1+ Kg6 50. Kd4 Rf3 51. Rh8 Kf5 52. Rf8+
Kg4 53. Rg8 Kf4 54. Rf8+ Kg3 55. Rg8 g4 56. Ke4 Rf7 57. Rg6 Kh3 58. Ke3 g3 59.
Rh6+ Kg2 60. Rh8 Kg1 61. Ke2 g2 62. Ke1 Re7+ 63. Kd2 Re5 64. Rh7 Kf2 65. Rf7+
Kg3 66. Rg7+ Kf3 67. Rg8 Re4 68. Kd3 Rg4 69. Rf8+ Kg3 0-1

[Event "Superettan(Vaxjo-Schack 08)"]
[Site "?"]
[Date "2015.03.21"]
[Round "8"]
[White "Moren, Bjorn"]
[Black "Stenman, Christoffer"]
[Result "1-0"]
[WhiteElo "2086"]
[BlackElo "1946"]
[PlyCount "95"]

1. e4 c5 2. Nc3 g6 3. g3 Bg7 4. Bg2 Nc6 5. d3 d6 6. f4 e6 7. Nf3 Nge7 8. O-O
O-O 9. Be3 Nd4 10. a4 Bd7 11. Kh1 a6 12. g4 f5 13. gxf5 exf5 14. e5 Qb6 15. a5
Qc7 16. Nxd4 cxd4 17. Bxd4 dxe5 18. fxe5 Bc6 19. Qe2 Bxg2+ 20. Qxg2 Qc6 21.
Rfe1 Rfe8 22. Bb6 f4 23. Qxc6 bxc6 24. Kg2 g5 25. Kf3 Ng6 26. d4 h5 27. Ke4 Nh4
28. Rg1 Bh6 29. Ne2 Kf7 30. c4 Ng6 31. Bc7 Rac8 32. Bd6 Rcd8 33. c5 Ke6 34. Ra3
Ne7 35. Rb3 Nd5 36. Nc3 g4 37. Rb7 Rd7 38. Rxd7 Nxc3+ 39. bxc3 Kxd7 40. c4 f3
41. d5 Rc8 42. Rb1 Bf8 43. e6+ Ke8 44. Bxf8 Kxf8 45. d6 Re8 46. Kf5 h4 47. Kf6
Ra8 48. e7+ 1-0

[Event "Superettan(Upsala-Kamraterna)"]
[Site "?"]
[Date "2015.03.21"]
[Round "8"]
[White "Svensson, Bengt"]
[Black "Johansson, Jan"]
[Result "0-1"]
[WhiteElo "2343"]
[BlackElo "2378"]
[PlyCount "62"]
[SourceDate "2015.03.29"]

1. e4 d6 2. d4 Nf6 3. Nc3 e5 4. Nf3 Nbd7 5. Bc4 Be7 6. O-O O-O 7. a4 c6 8. Qe2
a5 9. Ba2 exd4 10. Nxd4 Nc5 11. h3 Re8 12. Qf3 Qb6 13. Nde2 Be6 14. Bxe6 fxe6
15. Ng3 Rf8 16. Qe2 Rae8 17. b3 d5 18. Ba3 Nfd7 19. Ra2 Bd6 20. Qe3 Bf4 21. Qd4
Bxg3 22. fxg3 e5 23. Rxf8+ Rxf8 24. Nxd5 cxd5 25. Qxd5+ Kh8 26. Kh2 Qc6 27.
Qxc6 bxc6 28. Ra1 Rf7 29. Re1 Kg8 30. Kg1 Rf6 31. Rd1 Kf7 0-1

[Event "Superettan(Upsala-Kamraterna)"]
[Site "?"]
[Date "2015.03.21"]
[Round "8"]
[White "Malm Lindberg, Henrik"]
[Black "Andreasson, Ingvar"]
[Result "0-1"]
[WhiteElo "2275"]
[BlackElo "2342"]
[PlyCount "120"]

1. e4 c5 2. Nf3 e6 3. d4 cxd4 4. Nxd4 a6 5. Nc3 Ne7 6. Bd3 Nec6 7. Nf3 d6 8.
Bg5 Be7 9. Bxe7 Qxe7 10. O-O Nd7 11. Qd2 O-O 12. a4 b6 13. Rfe1 Bb7 14. Rad1
Rfd8 15. Bc4 Nde5 16. Nxe5 dxe5 17. Qe3 Rd4 18. Bd3 Qc7 19. b3 Nb4 20. Ne2 Rd7
21. Rc1 Rad8 22. Bc4 Qc5 23. Qxc5 bxc5 24. f3 Rd2 25. Bd3 Nxd3 26. cxd3 R8xd3
27. Rc3 Kf8 28. Rxd3 Rxd3 29. Rc1 Rxb3 30. Rxc5 Ke7 31. Rc7+ Kf6 32. Nc3 Rb2
33. a5 Rb4 34. h4 Kg6 35. Kh2 f5 36. Kg3 h5 37. Kh3 Kf6 38. Kg3 fxe4 39. fxe4
Bxe4 40. Nxe4+ Rxe4 41. Rc6 Rg4+ 42. Kf2 Rxh4 43. Rxa6 Ra4 44. Ra8 Kf5 45. a6
g5 46. a7 Kg4 47. Ke3 Kh4 48. Kf3 g4+ 49. Kf2 Ra2+ 50. Ke3 Kg3 51. Rh8 Rxa7 52.
Rxh5 Ra3+ 53. Ke2 Kxg2 54. Rxe5 Ra6 55. Rg5 g3 56. Rg6 Ra2+ 57. Ke1 e5 58. Rg8
Kf3 59. Rf8+ Ke3 60. Kf1 Rf2+ 0-1

[Event "Superettan(Upsala-Kamraterna)"]
[Site "?"]
[Date "2015.03.21"]
[Round "8"]
[White "Hamark, Jesper"]
[Black "Burwick, Malte"]
[Result "1/2-1/2"]
[WhiteElo "2334"]
[BlackElo "2231"]
[PlyCount "55"]

1. e4 g6 2. d4 Bg7 3. Nc3 d6 4. Be3 a6 5. a4 b6 6. Nf3 Bb7 7. Bd3 e6 8. Qd2 h6
9. O-O Nd7 10. Rfe1 Ne7 11. h3 Kf8 12. Ne2 Nf6 13. Ng3 d5 14. e5 Ne4 15. Qe2
Nf5 16. Nxf5 gxf5 17. Nh2 Qh4 18. f3 Ng3 19. Qd2 Ke8 20. a5 b5 21. Nf1 Nxf1 22.
Rxf1 Rg8 23. Kh1 Bf8 24. Qf2 Qxf2 25. Rxf2 h5 26. c3 Be7 27. f4 Bh4 28. Re2
1/2-1/2

[Event "Superettan(Upsala-Kamraterna)"]
[Site "?"]
[Date "2015.03.21"]
[Round "8"]
[White "Andersson, Fredrik"]
[Black "Mohammadi, Amir"]
[Result "0-1"]
[WhiteElo "2270"]
[BlackElo "2253"]
[PlyCount "64"]

1. e4 c5 2. Nf3 e6 3. d4 cxd4 4. Nxd4 Nf6 5. Nc3 d6 6. g4 h6 7. h3 Be7 8. Be3
a6 9. Bg2 Nc6 10. Qe2 Bd7 11. f4 Qa5 12. Nb3 Qc7 13. O-O-O Rc8 14. Bf3 Nh7 15.
h4 b5 16. g5 Na5 17. Nxa5 Qxa5 18. Bd4 b4 19. Nd5 exd5 20. exd5 O-O 21. Qxe7
Bf5 22. Be4 Rfe8 23. Qxe8+ Rxe8 24. Bxf5 Qxd5 25. Bxh7+ Kxh7 26. Kb1 Re2 27.
gxh6 Rd2 28. hxg7 Qxd4 29. Rdg1 Kg8 30. h5 Qe4 31. h6 Qxc2+ 32. Ka1 Qxb2# 0-1

[Event "Superettan(Upsala-Kamraterna)"]
[Site "?"]
[Date "2015.03.21"]
[Round "8"]
[White "Svenn, Gosta"]
[Black "Johansson, Thomas"]
[Result "1/2-1/2"]
[WhiteElo "2297"]
[BlackElo "2208"]
[PlyCount "107"]

1. d4 Nf6 2. c4 e6 3. Nf3 c5 4. d5 exd5 5. cxd5 d6 6. Nc3 g6 7. e4 a6 8. h3 b5
9. Bd3 Bg7 10. O-O O-O 11. Bg5 h6 12. Bf4 Re8 13. Re1 Bb7 14. Qd2 Kh7 15. a3
Qb6 16. b4 Nbd7 17. Rac1 Rac8 18. Re2 Nh5 19. Bh2 cxb4 20. axb4 Ne5 21. Nxe5
dxe5 22. Ree1 Qd6 23. Ne2 Bf8 24. Rxc8 Bxc8 25. Rb1 Bd7 26. g4 Nf6 27. Bg3 Qb8
28. Nd4 Bd6 29. Nb3 h5 30. f3 hxg4 31. hxg4 Kg7 32. Kg2 Rh8 33. Nc5 Qg8 34. Rh1
Rxh1 35. Kxh1 Bc8 36. Qc3 Qe8 37. Qa3 Nh7 38. Kg2 Ng5 39. Bh4 Be7 40. d6 Bf6
41. Be2 Ne6 42. Nxe6+ Qxe6 43. Bxf6+ Kxf6 44. Qd3 Bd7 45. Qd2 g5 46. Kf2 Qb3
47. Bd3 Qe6 48. Be2 Kg6 49. Ke3 Qb3+ 50. Kf2 f6 51. Bd1 Qc4 52. Be2 Qe6 53. Bd1
Qc4 54. Be2 1/2-1/2

[Event "Superettan(Upsala-Kamraterna)"]
[Site "?"]
[Date "2015.03.21"]
[Round "8"]
[White "Glimbrant, Torbjorn"]
[Black "Andersson, Michael"]
[Result "1/2-1/2"]
[WhiteElo "2242"]
[BlackElo "2115"]
[PlyCount "128"]

1. Nf3 g6 2. g3 Bg7 3. d4 c5 4. c3 Qa5 5. Bg2 cxd4 6. Nxd4 Nc6 7. O-O Nf6 8.
Nd2 O-O 9. e4 d6 10. N2b3 Qc7 11. h3 Bd7 12. Kh2 Ne5 13. a4 Rac8 14. Nb5 Qb8
15. N3d4 a6 16. Na3 Nc4 17. Qb3 Nxa3 18. Rxa3 e5 19. Nc2 Be6 20. Qb6 d5 21.
exd5 Nxd5 22. Bxd5 Bxd5 23. Nb4 Be6 24. Bg5 Bc4 25. Re1 f6 26. Bc1 Bf7 27. Ra1
Rfd8 28. Be3 Rd6 29. Qa7 Qxa7 30. Bxa7 a5 31. Nc2 Bb3 32. Na3 Bxa4 33. Be3 Be8
34. Nc2 a4 35. Red1 Rcd8 36. Rxd6 Rxd6 37. Na3 b5 38. c4 bxc4 39. Nxc4 Ra6 40.
Rd1 Rc6 41. Rd8 Rxc4 42. Rxe8+ Kf7 43. Rb8 Bf8 44. b3 axb3 45. Rxb3 Bb4 46. Rd3
g5 47. Rd7+ Kg6 48. Bd2 Ba3 49. Ra7 Bb2 50. Be3 h5 51. Kg2 h4 52. g4 Rc6 53.
Rd7 Rc4 54. Rb7 Bd4 55. Rb3 Bxe3 56. Rxe3 Kf7 57. Ra3 Rf4 58. Ra7+ Kg6 59. Rb7
Ra4 60. Rc7 Ra6 61. Re7 Rb6 62. Kh2 Ra6 63. Kg2 Rb6 64. Kh2 Ra6 1/2-1/2

[Event "Superettan(Upsala-Kamraterna)"]
[Site "?"]
[Date "2015.03.21"]
[Round "8"]
[White "Borvander, Tom"]
[Black "Cederberg, Karl Olof"]
[Result "0-1"]
[WhiteElo "2167"]
[BlackElo "2189"]
[PlyCount "116"]
[SourceDate "2015.03.29"]

1. d4 Nf6 2. c4 e5 3. dxe5 Ne4 4. Qc2 d5 5. e3 Nc6 6. Nf3 Bf5 7. Qa4 Bb4+ 8.
Bd2 Nxd2 9. Nbxd2 O-O 10. Rd1 d4 11. a3 dxe3 12. fxe3 Bxd2+ 13. Rxd2 Qe7 14.
Be2 Nxe5 15. Nd4 Qh4+ 16. Kd1 Qe4 17. Qc2 Qxg2 18. Qxf5 Qxh1+ 19. Kc2 Rfe8 20.
Qf4 Rad8 21. c5 Qd5 22. Kb1 Qxc5 23. Rc2 Qa5 24. Ka2 Ng6 25. Qf2 Qe5 26. Bc4
Qf6 27. Qg3 Ne5 28. Bb3 c6 29. Rg2 c5 30. Nf5 g6 31. Rf2 c4 32. Nh6+ Kg7 33.
Rxf6 cxb3+ 34. Kxb3 Kxf6 35. h4 Rd3+ 36. Ka2 Kg7 37. Nf5+ Kf8 38. Nd4 Nc4 39.
Qg5 Nxe3 40. Qc5+ Kg8 41. Qb5 Rd8 42. Qxd3 Nf5 43. Qb5 Rxd4 44. Qxb7 Rxh4 45.
Qxa7 h5 46. b4 Nd4 47. Qb8+ Kg7 48. b5 Re4 49. b6 h4 50. Qh2 Nc6 51. b7 g5 52.
Qc2 Re6 53. Qxc6 Rxc6 54. b8=Q g4 55. Qe5+ Rf6 56. Qd4 g3 57. Qxh4 Rg6 58. Qd4+
Kh6 0-1

[Event "Superettan(Upsala-Kamraterna)"]
[Site "?"]
[Date "2015.03.21"]
[Round "8"]
[White "Marttala, Thomas"]
[Black "Axelsson, Uno"]
[Result "0-1"]
[WhiteElo "2146"]
[BlackElo "2194"]
[PlyCount "66"]

1. Nf3 f5 2. g3 Nf6 3. Bg2 d6 4. O-O g6 5. c4 Bg7 6. Nc3 O-O 7. d4 Qe8 8. Nd5
Nxd5 9. cxd5 Nd7 10. Qc2 Nb6 11. Ng5 h6 12. Ne6 Bxe6 13. dxe6 c6 14. e4 fxe4
15. Qxe4 d5 16. Qd3 Rf6 17. Bh3 g5 18. f4 gxf4 19. Rxf4 Rxf4 20. Bxf4 Qh5 21.
Bf5 Rf8 22. Bg6 Qh3 23. Bf7+ Kh8 24. Re1 Nc4 25. b3 Na3 26. Be5 Qg4 27. Kg2
Bxe5 28. Rxe5 Nb5 29. Qe3 Qg7 30. Rh5 Kh7 31. Rh4 Nd6 32. Qd3+ Kh8 33. Qe3 Nf5
0-1

[Event "Superettan(Rockaden,Umea-Limhamn II)"]
[Site "?"]
[Date "2015.03.21"]
[Round "8"]
[White "Penalver, Osmani"]
[Black "Petrov, Marijan"]
[Result "0-1"]
[WhiteElo "2289"]
[BlackElo "2493"]
[PlyCount "172"]

1. d4 g6 2. c4 Bg7 3. e4 c5 4. d5 d6 5. f3 e6 6. a4 Nf6 7. Ne2 O-O 8. Bg5 h6 9.
Be3 exd5 10. cxd5 Nbd7 11. Nec3 Nh7 12. Qd2 f5 13. exf5 gxf5 14. Be2 Re8 15.
Bf2 Ne5 16. O-O a6 17. Na3 Bd7 18. a5 Rb8 19. Nc4 Nxc4 20. Bxc4 Qg5 21. Qc2 Be5
22. g3 Nf6 23. Kh1 Qh5 24. f4 Bxc3 25. Qxc3 Ng4 26. h4 Kf7 27. b4 Rbc8 28. Bg1
Nf6 29. bxc5 Ne4 30. Qd3 Qg4 31. Kh2 Nxc5 32. Bxc5 Rxc5 33. Rae1 Rec8 34. Rc1
Qg7 35. Rfe1 Rxa5 36. Qb1 Ra3 37. Bd3 b5 38. Rxc8 Bxc8 39. Qc2 Rc3 40. Qe2 Qf8
41. Qh5+ Kg7 42. Re8 Qf7 43. Qe2 Kf6 44. Rh8 Kg7 45. Re8 Qxd5 46. Re7+ Kf8 47.
Re8+ Kg7 48. Re7+ Kf6 49. Rh7 Be6 50. Qh5 Bf7 51. Qxh6+ Ke7 52. Qg5+ Kd7 53.
Bxf5+ Kc6 54. Qf6 Rc1 55. Kh3 Qf3 56. Be4+ Qxe4 57. Qxf7 Kb6 58. Rh8 Qe2 59.
Qd5 Rd1 60. Rb8+ Ka5 61. Qg2 Qe6+ 62. Kh2 b4 63. f5 Qc4 64. f6 Rc1 65. f7 Qxf7
66. Qd2 Rc3 67. Qg5+ Ka4 68. Qd2 Qc4 69. Kh3 d5 70. Rd8 Qf1+ 71. Kh2 Qc4 72.
Kh3 Rd3 73. Qe1 Qc3 74. Qf2 b3 75. Qf4+ Rd4 76. Qd6 a5 77. Qf6 b2 78. Rxd5 Rc4
79. Qf5 Qe1 80. Qd7+ Ka3 81. Rd3+ Ka2 82. Qd5 Qf1+ 83. Kh2 Qe2+ 84. Kh3 Qg4+
85. Kh2 a4 86. Rc3 b1=Q 0-1

[Event "Superettan(Rockaden,Umea-Limhamn II)"]
[Site "?"]
[Date "2015.03.21"]
[Round "8"]
[White "Wickstrom, Lucas"]
[Black "Holst, Conny"]
[Result "1-0"]
[WhiteElo "2338"]
[BlackElo "2209"]
[PlyCount "91"]

1. d4 Nf6 2. c4 c5 3. d5 e5 4. Nc3 d6 5. e4 Be7 6. h3 O-O 7. Bd3 Ne8 8. Nge2
Bg5 9. O-O Nd7 10. f4 exf4 11. Nxf4 Ne5 12. Qe2 Bd7 13. Bc2 Qe7 14. b3 Nc7 15.
a4 Rfe8 16. Bd2 a6 17. a5 Rac8 18. Rae1 g6 19. Kh2 Rf8 20. g3 h5 21. Nd1 Ne8
22. Nf2 Kg7 23. N2d3 Bf6 24. Kg2 Rh8 25. Rf2 Kg8 26. Ref1 Nxd3 27. Nxd3 Bd4 28.
Rxf7 Qxf7 29. Rxf7 Kxf7 30. e5 Bf5 31. g4 hxg4 32. hxg4 Nf6 33. exf6 Rce8 34.
Qf3 Be4 35. Ne5+ Bxe5 36. Qxe4 Kxf6 37. Qxg6+ Ke7 38. Bf5 Rh2+ 39. Kg1 Reh8 40.
Qe6+ Kf8 41. Qc8+ Kf7 42. Qd7+ Kf8 43. Qd8+ Kf7 44. Be6+ Kg6 45. Qg5+ Kh7 46.
Bf5# 1-0

[Event "Superettan(Rockaden,Umea-Limhamn II)"]
[Site "?"]
[Date "2015.03.21"]
[Round "8"]
[White "Mansson, Peter"]
[Black "Forsberg, Viktor"]
[Result "0-1"]
[WhiteElo "2131"]
[BlackElo "2356"]
[PlyCount "68"]

1. e4 e5 2. Bc4 Nf6 3. d3 c6 4. Nf3 d5 5. Bb3 Bb4+ 6. Bd2 Bxd2+ 7. Qxd2 Qd6 8.
exd5 cxd5 9. Nc3 Nc6 10. O-O-O O-O 11. Rde1 Bg4 12. Qg5 h6 13. Qh4 Bxf3 14.
gxf3 Nd4 15. Rhg1 Kh8 16. Qg3 g6 17. Qh3 Kh7 18. Ne2 Nxe2+ 19. Rxe2 Nh5 20. Rd2
Nf4 21. Qf1 d4 22. Kb1 b5 23. c3 a5 24. cxd4 Qxd4 25. Qd1 a4 26. Bc2 Rac8 27.
Re1 f5 28. Re3 Rc5 29. Re1 Rfc8 30. a3 Ne6 31. Rde2 R8c7 32. Rd2 Qf4 33. b3 Nd4
34. Ree2 axb3 0-1

[Event "Superettan(Rockaden,Umea-Limhamn II)"]
[Site "?"]
[Date "2015.03.21"]
[Round "8"]
[White "Malmstig, Erik"]
[Black "Golubenko, Valeriy"]
[Result "1-0"]
[WhiteElo "2253"]
[BlackElo "2239"]
[PlyCount "57"]

1. d4 c5 2. d5 Nf6 3. c4 e6 4. Nc3 exd5 5. cxd5 d6 6. e4 g6 7. Bd3 Bg7 8. Nf3
O-O 9. h3 Re8 10. O-O Na6 11. Re1 Nc7 12. a4 b6 13. Bf4 a6 14. Qb3 Nh5 15. Bg5
Bf6 16. Bxf6 Qxf6 17. Qxb6 Bxh3 18. e5 Qf4 19. Re4 Qh6 20. Rh4 Bxg2 21. Kxg2
Nf4+ 22. Kg3 Nfxd5 23. Nxd5 Nxd5 24. Qxd6 Qg7 25. Qxd5 Rad8 26. Qe4 Rb8 27.
Bxa6 Rxb2 28. Bc4 Rb4 29. Rf4 1-0

[Event "Superettan(Rockaden,Umea-Limhamn II)"]
[Site "?"]
[Date "2015.03.21"]
[Round "8"]
[White "Morling, Joakim"]
[Black "Eriksson, Jorgen"]
[Result "1-0"]
[WhiteElo "2147"]
[BlackElo "2210"]
[PlyCount "113"]

1. d4 Nf6 2. c4 e6 3. Nc3 Bb4 4. f3 d6 5. e4 Nbd7 6. a3 Bxc3+ 7. bxc3 O-O 8.
Bd3 e5 9. Ne2 c6 10. Bg5 Qa5 11. O-O exd4 12. Bxf6 Nxf6 13. cxd4 Be6 14. Kh1
Rfe8 15. f4 Ng4 16. Rf3 f5 17. e5 d5 18. c5 b6 19. Rc1 b5 20. Qc2 Rf8 21. h3
Nh6 22. Rg1 g6 23. g4 Qxa3 24. Rfg3 Qa4 25. Qb1 Kh8 26. gxf5 Bxf5 27. h4 Bxd3
28. Qxd3 Qc4 29. Qd2 Nf5 30. Rh3 Rg8 31. h5 gxh5 32. Rc1 Qa4 33. Qd3 Ng7 34. f5
Raf8 35. f6 Ne6 36. Rxh5 Rf7 37. Rh4 Qa2 38. Rf1 Qc4 39. Qe3 Qc2 40. Rc1 Qf5
41. Rg1 Rxg1+ 42. Nxg1 a5 43. Ne2 a4 44. Nf4 Qb1+ 45. Kh2 Qc2+ 46. Kg3 Ng5 47.
Kg4 Qe4 48. Qxe4 Nxe4 49. Kf5 a3 50. Nh5 a2 51. Rh1 b4 52. e6 Rxf6+ 53. Nxf6
Ng3+ 54. Kg5 h6+ 55. Rxh6+ Kg7 56. Rh7+ Kf8 57. e7# 1-0

[Event "Superettan(Rockaden,Umea-Limhamn II)"]
[Site "?"]
[Date "2015.03.21"]
[Round "8"]
[White "Lindgren, Fredrik"]
[Black "Nurmi, Tommy"]
[Result "1/2-1/2"]
[WhiteElo "2239"]
[BlackElo "2042"]
[PlyCount "43"]

1. d4 d5 2. Nf3 e6 3. g3 f5 4. Bg2 Nf6 5. O-O Bd6 6. b3 O-O 7. Ba3 Bxa3 8. Nxa3
Qe7 9. Qc1 c6 10. c4 Bd7 11. Qb2 Be8 12. Rfe1 Nbd7 13. Rac1 Bh5 14. b4 a6 15.
c5 Rae8 16. Nc2 Ne4 17. b5 axb5 18. a4 f4 19. axb5 Qf6 20. bxc6 bxc6 21. Qb7
Nb8 22. Qc7 1/2-1/2

[Event "Superettan(Rockaden,Umea-Limhamn II)"]
[Site "?"]
[Date "2015.03.21"]
[Round "8"]
[White "Ollen, Martin"]
[Black "Nygren, David"]
[Result "1-0"]
[WhiteElo "2034"]
[BlackElo "2194"]
[PlyCount "75"]

1. e4 e6 2. b3 b6 3. Bb2 Bb7 4. Nc3 d5 5. exd5 exd5 6. Qe2+ Ne7 7. O-O-O Nbc6
8. g3 Nd4 9. Qe5 Ne6 10. Bg2 Qd7 11. f4 f6 12. Qe2 Nd4 13. Qd3 c5 14. Re1 O-O-O
15. a4 Kb8 16. Kb1 a6 17. Nge2 Ndc6 18. Nd1 Nb4 19. Qf3 Bc6 20. f5 Qxf5 21.
Qxf5 Nxf5 22. Nf4 d4 23. Bxc6 Nxc6 24. Re6 Bd6 25. Rhe1 Bxf4 26. gxf4 Kc7 27.
Nf2 Kd7 28. a5 Kc7 29. axb6+ Kxb6 30. Nd3 Rd5 31. Ba3 Rc8 32. Nb2 Kb7 33. Na4
Nd8 34. Re8 c4 35. Rg8 cxb3 36. cxb3 Nf7 37. Rxc8 Kxc8 38. Nb6+ 1-0